Ricostruisci la Carriera del Calciatore - Tammy Abraham - Statistics

Statistiche generali
  • Questo quiz è stato fatto 6 volte
  • Il punteggio medio è 3 su 6
Statistiche sulle risposte
Hint Risposta % Corretto
2021- Roma
100%
2019-2021 Chelsea
80%
2018-2019 Aston Villa
40%
2016-2017 Bristol City
40%
2017-2018 Swansea City
40%
2015-2016 Chelsea
0%
Nessun quiz corrispondente trovato
Distribuzione punteggi
Percentuale di utenti per punteggio
Percentile per numero di risposta
I tuoi punteggi nel tempo
Non hai fatto questo quiz